000 00416nam a2200133Ia 4500
008 220217s9999||||xx |||||||||||||| ||und||
020 _a81-88237-78-7
082 _a005.13 ANJ
100 _aAnjaneyulu, Y. and Manickam, Valli
_95981
245 0 _aC for environmental scientists and engineers
260 _aIK International publishing house
_bNew Delhi
_c2006
300 _b295
650 _aPROGRAMMING LANGUAGE
999 _c177241
_d177241